| 000 | 01178nam a22003257a 4500 | ||
|---|---|---|---|
| 005 | 20111122110951.0 | ||
| 008 | 111122t xxu||||| |||| 00| 0 eng d | ||
| 010 | _aENG-104164 | ||
| 020 |
_a9788132105329 _c395.00 |
||
| 035 | _aEN-87697 | ||
| 037 | _bDBAD/PUB | ||
| 040 |
_aDPL _bEng |
||
| 082 | 0 | 0 | _a339 |
| 100 | 1 |
_aIyengar, Murali _935994 _q1955- |
|
| 245 | 1 | 0 |
_aMoney matters : _bmacroeconomics and financial markets / _cby Murali Iyengar |
| 260 |
_aNew Delhi _bSAGE Publications _c2011 |
||
| 270 |
_aB1/I-1 Mohan Cooperative Industrial Area Mathura Road _bNew Delhi _e110044 |
||
| 300 |
_axxiv,177p. _c24cm (pbk) |
||
| 500 | _aIncludes bibliographical references and index. | ||
| 650 | 0 |
_aMacroeconomics. _935995 |
|
| 650 | 0 |
_aMacroeconomics _zIndia _935996 |
|
| 650 | 0 |
_aCapital market. _935997 |
|
| 650 | 0 |
_aCapital market. _zIndia _935998 |
|
| 650 | 0 |
_aEconomic policy. _91373 |
|
| 651 |
_aIndia _xEconomic policy. |
||
| 700 | 1 | _935999 | |
| 942 |
_2ddc _cEN _h339 _mIYE |
||
| 999 |
_c58591 _d58591 |
||